Yu shi xiao xi tu shuo /

Saved in:
Bibliographic Details
Main Author: Hu, Xianglin, -1823.
Other Authors: Hang, Xinzhai., Zhang, Huiyan, 1761-1802., Yu, Yue, 1821-1906.
Format: Book
Language:Chinese
Published: [Taibei] : Cheng wen chu ban she, [Min guo 65 i.e. 1976]
Edition:Tai 1 ban.
Series:Wu qiu bei zhai Yi jing ji cheng ; 147.
Subjects:
Tags: Add Tag
No Tags, Be the first to tag this record!
LEADER 01898cam a2200445 i 4500
001 007744841-3
005 20024617112705.0
008 980322s1976 ch a 000 0 chi
010 |a 78836623 /C 
035 0 |a ocm38814762 
040 |a DLC  |c *YNH*  |d CStRLIN 
050 0 0 |a PL2464.Z6  |b W86 vol.147 
100 1 |6 880-01  |a Hu, Xianglin,  |d -1823. 
245 1 0 |6 880-02  |a Yu shi xiao xi tu shuo /  |c Hu Xinglin zhuan. 
246 1 6 |6 880-03  |a Yu shi Yi xiao xi tu shuo chu gao 
250 |6 880-04  |a Tai 1 ban. 
260 |6 880-05  |a [Taibei] :  |b Cheng wen chu ban she,  |c [Min guo 65 i.e. 1976] 
300 |a 42, 56, 282, 87 p. :  |b ill. ;  |c 21 cm. 
490 1 |6 880-06  |a Wu qiu bei zhai Yi jing ji cheng ;  |v 147 
505 0 |6 880-07  |a Yu shi xiao xi tu shuo / Hu Xinglin -- Wan yi pian / Yu Yue -- Yi xie / Hang Xinzhai -- Yi shu ou de / Hang Xinzhai. 
500 |a A collection of four reprints. 
630 0 0 |6 880-08  |a Yi jing. 
700 1 |6 880-10  |a Hang, Xinzhai. 
700 1 2 |6 880-09  |a Zhang, Huiyan,  |d 1761-1802.  |t Zhou yi Yu shi xiao xi.  |f 1976. 
700 1 2 |6 880-11  |a Yu, Yue,  |d 1821-1906.  |t Wan yi pian.  |f 1976. 
880 1 |6 100-01  |a 胡祥麟,  |d -1823. 
880 1 0 |6 245-02  |a 虞氏消息圖說 /  |c 胡祥麟撰. 
880 1 6 |6 246-03  |a 虞氏易消息圖說初稿 
880 |6 250-04  |a 臺1版. 
880 |6 260-05  |a [台北] :  |b 成文出版社,  |c [民國65 i.e. 1976] 
880 1 |6 490-06  |a 無求備齋易經集成 ;  |v 147 
880 0 |6 505-07  |a 虞氏消息圖說 / 胡祥麟 -- 玩易篇 / 俞樾 -- 易楔 / 杭辛齋 -- 易數偶得 / 杭辛齋. 
880 0 0 |6 630-08  |a 易經. 
880 1 |6 700-10  |a 杭辛齋. 
880 1 2 |6 700-09  |a 張惠言,  |d 1761-1802.  |t 周易虞氏消息.  |f 1976. 
880 1 2 |6 700-11  |a 俞樾,  |d 1821-1906.  |t 玩易篇.  |f 1976. 
830 0 |6 880-56  |a Wu qiu bei zhai Yi jing ji cheng ;  |v 147. 
880 0 |6 830-56  |a 無求備齋易經集成 ;  |v 147. 
988 |a 20021121 
906 |0 DLC